The status of cedaw implementation in Asean countries and selected muslim countries (Record no. 4285)

MARC details
000 -LEADER
fixed length control field 00953nam a2200241 4500
003 - CONTROL NUMBER IDENTIFIER
control field LK-CoMWRAF
005 - DATE AND TIME OF LATEST TRANSACTION
control field 20231203123149.0
008 - FIXED-LENGTH DATA ELEMENTS--GENERAL INFORMATION
fixed length control field 231203b2004 |||||||| |||| 00| 0 eng d
020 ## - INTERNATIONAL STANDARD BOOK NUMBER
International Standard Book Number 9834240007
040 ## - CATALOGING SOURCE
Original cataloging agency LK-CoMWRAF
Modifying agency LK-CoMWRAF
Description conventions LK-CoMWRAF
041 ## - LANGUAGE CODE
Language code of text/sound track or separate title English
082 ## - DEWEY DECIMAL CLASSIFICATION NUMBER
Classification number 362.88
Item number DAI
942 ## - ADDED ENTRY ELEMENTS (KOHA)
Koha item type Books
100 ## - MAIN ENTRY--PERSONAL NAME
Personal name Dairiam, Shanthi
245 ## - TITLE STATEMENT
Title The status of cedaw implementation in Asean countries and selected muslim countries
260 ## - PUBLICATION, DISTRIBUTION, ETC. (IMPRINT)
Place of publication, distribution, etc. Kuala Lumpur:
Name of publisher, distributor, etc. International Women's Rights Action Watch Asia Pacific,
Date of publication, distribution, etc. 2004
300 ## - PHYSICAL DESCRIPTION
Extent ii, 26 p. ; 22 cm.
490 ## - SERIES STATEMENT
Series statement IWRAW Asia Pacific occasional papers series
Volume/sequential designation No. 1
856 ## - ELECTRONIC LOCATION AND ACCESS
Uniform Resource Identifier <a href="https://www.iwraw-ap.org/wp-content/uploads/2004/10/OPS_1-THE-STATUS-OF-CEDAW-IMPLEMENTATION-IN-ASEAN-COUNTRIES-AND-SELECTED-MUSLIM-COUNTRIES.pdf">https://www.iwraw-ap.org/wp-content/uploads/2004/10/OPS_1-THE-STATUS-OF-CEDAW-IMPLEMENTATION-IN-ASEAN-COUNTRIES-AND-SELECTED-MUSLIM-COUNTRIES.pdf</a>
650 ## - SUBJECT ADDED ENTRY--TOPICAL TERM
Topical term or geographic name as entry element Sex discrimination against women- Southeast Asia
650 ## - SUBJECT ADDED ENTRY--TOPICAL TERM
Topical term or geographic name as entry element Women, Violence against- Islamic countries
650 ## - SUBJECT ADDED ENTRY--TOPICAL TERM
Topical term or geographic name as entry element Women's rights
Holdings
Withdrawn status Lost status Damaged status Not for loan Permanent Location Current Location Date acquired Full call number Barcode Koha item type
        Resource center, Muslim Women's Research And Action Forum Resource center, Muslim Women's Research And Action Forum 2023-12-03 362.88 DAI RAF3297 Books

Copyright © 2023 Muslim Women's Research and Action Forum (MWRAF), No 27/3, Anderson Road, Kalubowila, Dehiwela. Funded by The Asia Fundation